000 00484nam a2200169Ia 4500
003 GCL
008 140319s9999 xx 000 0 ara d
040 _aGCL /
_cGCL
082 0 4 _aط
_b823.087
_bد د
100 1 _aدار الشروق
245 1 0 _aدودو و شجرة الفل /
_cدار الشروق
490 _aسلسلة الكتاب الذهبى
_v0
650 0 4 _aالقصص القصيرة
650 0 4 _aالاطفال
650 0 4 _aقصص الاطفال
942 _2ddc
_cBK
999 _c51452
_d51452